|
|
|
|
| LEADER |
00740nam a2200217 a 4500 |
| 001 |
TVCDKTCT6573 |
| 003 |
Thư viện trường Cao đẳng Kỹ thuật Cao Thắng |
| 005 |
20070406000000 |
| 008 |
070406 |
| 980 |
\ |
\ |
|a Thư viện Trường CĐ Kỹ Thuật Cao Thắng
|
| 024 |
|
|
|a RG_1 #1 eb0 i1
|
| 020 |
# |
# |
|a 1-55963-987-3
|
| 041 |
0 |
# |
|a vie
|
| 082 |
# |
# |
|a 557.68 /
|b GR200T-j
|
| 100 |
1 |
# |
|a Chambers Jeanne C
|
| 245 |
0 |
0 |
|a Great Basin Riparian Ecosystems: Ecology, Management, and Restoration /
|c Chambers Jeanne C, Miller Jerry R, MacMahon James A
|
| 260 |
# |
# |
|a American :
|b Island Press ,
|c 2004
|
| 300 |
# |
# |
|a 303tr. ;
|c 23cm
|
| 650 |
# |
4 |
|a Hệ sinh thái ven sông
|
| 700 |
0 |
# |
|a Miller Jerry R
|
| 700 |
0 |
# |
|a MacMahon James A
|